Contestaciones al nuevo programa de médicos de asistencia pública domiciliaria (Record no. 57574)

MARC details
000 -LEADER
campo de control de longitud fija 00726nam a2200193 i 4500
001 - NÚMERO DE CONTROL
campo de control 57574
003 - IDENTIFICADOR DE NÚMERO DE CONTROL
campo de control ES-MaACL
005 - FECHA Y HORA DE LA ÚLTIMA TRANSACCIÓN
campo de control 20230906163614.0
007 - CAMPO FIJO DE DESCRIPCIÓN FÍSICA--INFORMACIÓN GENERAL
campo de control de longitud fija t|
008 - DATOS DE LONGITUD FIJA--INFORMACIÓN GENERAL
campo de control de longitud fija 031016s1962 sp ||||1| spa d
100 1# - ENTRADA PRINCIPAL--NOMBRE DE PERSONA
Nombre de persona Domínguez Carmona, Manuel.
9 (RLIN) 45198
245 10 - MENCIÓN DEL TÍTULO
Título Contestaciones al nuevo programa de médicos de asistencia pública domiciliaria
Resto del título : (oposición restringida) /
Mención de responsabilidad, etc. por Manuel Domínguez Carmona, Venancio García Rodríguez, Enrique Martínez Pérez.
250 ## - MENCION DE EDICION
Mención de edición 2ª ed.
260 ## - PUBLICACIÓN, DISTRIBUCIÓN, ETC.
Lugar de publicación, distribución, etc. Madrid :
Nombre del editor, distribuidor, etc. [s.n.,
Fecha de publicación, distribución, etc. 1962] (
Fabricante Gráf. Fuencarral)
300 ## - DESCRIPCIÓN FÍSICA
Extensión 378 p. ;
Dimensiones 23 cm.
700 1# - ENTRADA AGREGADA--NOMBRE PERSONAL
Nombre de persona García Rodríguez, Venancio.
9 (RLIN) 55206
700 1# - ENTRADA AGREGADA--NOMBRE PERSONAL
Nombre de persona Martínez Pérez, Enrique.
9 (RLIN) 78328
852 ## - LOCALIZACIÓN
Ubicación ES-MaACL
Número de control de estantería C-23368
Sublocalización o colección R.51798
Holdings
Estatus retirado Estado de pérdida Estado de daño No para préstamo Biblioteca de origen Biblioteca actual Ubicación en estantería Fecha de adquisición Fuente de adquisición Total de préstamos Signatura topográfica completa Código de barras Visto por última vez Precio de reemplazo Tipo de ítem Koha
        Biblioteca del Ateneo de Madrid Biblioteca del Ateneo de Madrid Depósito 2 17/01/2008     C-23368 1060441 23/02/2023 23/02/2023 Libro impreso